[Event "Manizales Feria op 29th"]
[Site "Manizales"]
[Date "2024.01.07"]
[Round "4"]
[White "Zapata Sanchez, Juan Jose"]
[Black "Cadavid, Hugo"]
[Result "1-0"]
[WhiteElo "1576"]
[BlackElo "1600"]
[PlyCount "45"]
[EventDate "2024.01.05"]
[EventType "swiss"]
[EventRounds "7"]
[EventCountry "COL"]
[SourceTitle "CB02_2024"]
[SourceDate "2024.01.10"]
[SourceVersion "1"]
[SourceVersionDate "2024.01.10"]
[SourceQuality "1"]

1. d4 d5 2. Bf4 c5 3. c3 Nc6 4. e3 Bf5 5. Qb3 Qd7 6. Nf3 f6 7. Nbd2 g5 8. Bg3 h5 9. h3 h4 10. Bh2 c4 11. Qd1 e6 12. b3 b5 13. a4 bxa4 14. bxc4 a3 15. c5 Nge7 16. Rxa3 Bg7 17. Bb5 Kf7 18. Bd6 a6 19. Ba4 Nc8 20. Bh2 g4 21. hxg4 Bxg4 22. Ng5+ fxg5 23. Qxg4 1-0